000 00975nam a2200289 a 4500
008
020 _a9780123851345 (paperback)
040 _aNUST
_cNUST
049 _aMAIN
090 _aHD9685.U5
_bGRE
100 1 _aGreer, Monica.,
_aauthor.
245 1 0 _aElectricity marginal cost pricing :
_bapplications in eliciting demand responses/
_c Monica Greer.
260 _aWaltham, MA :
_bButterworth-Heinemann,
_c2012.
300 _axix, 346 pages :
_billustrations ;
_c25 cm.
336 _atext
_btxt
_2rdacontent
337 _aunmediated
_bn
_2rdamedia
338 _avolume
_bnc
_2rdacarrier
500 _aIncludes index.
504 _aIncludes bibliographical references.
650 1 _aUnited States.
650 _aElectric power consumption
_xEconometric models.
650 _aElectric utilities
_xRates.
907 _a.b10407352
_b23-07-21
_c23-07-21
003
005 20230123141214.0
942 _cBOOKS
_kHD9685.U5
_mGRE
999 _c169506
_d169506